Sinh thái nhân văn Con người và môi trường
Khái niệm cơ bản về sinh thái học. Quan điểm cấu trúc và động thái hệ thống. Văn minh công nghiệp, tiến hóa hệ thống...
Đã lưu trong:
| Tác giả chính: | |
|---|---|
| Định dạng: | Sách |
| Ngôn ngữ: | Vietnamese |
| Được phát hành: |
H.
Giáo dục
2001
|
| Những chủ đề: | |
| Các nhãn: |
Thêm thẻ
Không có thẻ, Là người đầu tiên thẻ bản ghi này!
|
| Thư viện lưu trữ: | Mạng thư viện Đại học Đà Nẵng |
|---|
| LEADER | 00954nam a2200313 4500 | ||
|---|---|---|---|
| 001 | 000009172 | ||
| 003 | 5367 | ||
| 005 | 20111025101044.0 | ||
| 008 | 111025s2001 viesd | ||
| 020 | |c 16000đ | ||
| 041 | 0 | |a vie | |
| 082 | |a 304.2 |b NG-T | ||
| 100 | 0 | |a Nguyễn Hoàng Trí | |
| 245 | 0 | |a Sinh thái nhân văn |b Con người và môi trường |c Nguyễn Hoàng Trí | |
| 260 | |a H. |b Giáo dục |c 2001 | ||
| 300 | |a 191tr |c 21cm | ||
| 504 | |a Mục lục tr 189 | ||
| 520 | |a Khái niệm cơ bản về sinh thái học. Quan điểm cấu trúc và động thái hệ thống. Văn minh công nghiệp, tiến hóa hệ thống... | ||
| 653 | |a Sinh thái | ||
| 653 | |a Nhân văn | ||
| 910 | |a Thương |d 25/10/2011 | ||
| OWN | |a LSP | ||
| 999 | |a From the UDN01 | ||
| TYP | |a Monograph | ||
| TYP | |a Printed language | ||
| 980 | |a Mạng thư viện Đại học Đà Nẵng | ||